| 000 | 00964nam a22003257a 4500 | ||
|---|---|---|---|
| 001 | BR8303394 | ||
| 003 | BR-BrBNA | ||
| 005 | 20230928091711.0 | ||
| 007 | ta | ||
| 008 | 230509b bl.||||| |||| 00| 0 por d | ||
| 040 |
_aBR-BrBNA _bpor _cBiblioteca Nacional de Agricultura |
||
| 041 | _a(Por) | ||
| 072 |
_aA00 _b/G514 |
||
| 090 | _ A00 BR8303394 | ||
| 100 | 1 | _aBlaskiviski, S.G. | |
| 100 | 1 | _aRonsoni, T.M.S. (eds.) | |
| 100 | 1 | _aLuz, E.P. da | |
| 100 | 1 | _aFischel, M.V. | |
| 100 | 1 | _aNunes, A.M.T. | |
| 100 | 1 | _aPereira, Z.O. | |
| 110 | 1 |
_aGrupo de Bibliotecarios em Informacao e Documentacao Agricola, Florianopolis, SC (Brasil) _95434 |
|
| 245 | 1 |
_aBibliografia catarinense de agricultura - Bicata [Santa Catarina, Brasil] _bv. 1 |
|
| 260 | 3 |
_aFlorianopolis, SC (Brasil): _c1983. |
|
| 300 | _a335 p. | ||
| 650 | _aAGRICULTURA | ||
| 650 | _aBIBLIOGRAFIA | ||
| 650 | _aSANTA CATARINA | ||
| 909 |
_a202309 _bLucia _c55 _dLucia Elande |
||
| 942 | _cBK | ||
| 999 |
_c35080 _d35080 |
||